01405nam a2200277 a 4500001001200000003000800012006001900020007001500039008004100054010001700095020001500112040002100127035002000148050002100168082001800189110011900207245029300326260005500619300002400674504006400698533015200762650004100914655002900955710001700984856012601001ebr10055386CaPaEBRm u cr cn|||||||||920522s1992 dcua sb 001 0 eng  z 92020416  z0309046300 aCaPaEBRcCaPaEBR a(OCoLC)4496605814aT21b.C56 1992eb04a338.973062202 aCommittee on Science, Engineering, and Public Policy (U.S.).bPanel on the Government Role in Civilian Technology.14aThe government role in civilian technologyh[electronic resource] :bbuilding a new alliance /cPanel on the Government Role in Civilian Technology, Committee on Science, Engineering, and Public Policy, National Academy of Sciences, National Academy of Engineering, Institute of Medicine. aWashington, D.C. :bNational Academy Press,c1992. axii, 222 p. :bill. aIncludes bibliographical references (p. 198-212) and index. aElectronic reproduction.bPalo Alto, Calif. :cebrary,d2013.nAvailable via World Wide Web.nAccess may be limited to ebrary affiliated libraries. 0aTechnology and statezUnited States. 7aElectronic books.2local2 aebrary, Inc.40uhttp://site.ebrary.com/lib/rucke/Doc?id=10055386zAn electronic book accessible through the World Wide Web; click to view